Premier League Starting XI's 2022/2023 - Statistics

General Stats
  • This quiz has been taken 1,088 times
  • The average score is 100 of 220
Answer Stats
Hint Answer % Correct
Wolverhampton Wanderers GK Jose Sa
98%
FC Arsenal GK Aaron Ramsdale
94%
FC Arsenal RW Bukayo Saka
89%
FC Arsenal ST Gabriel Jesus
88%
FC Arsenal RB Ben White
87%
FC Chelsea CB Thiago Silva
86%
Manchester City RW Bernardo Silva
85%
Manchester City GK Ederson
85%
FC Arsenal LW Gabriel Martinelli
85%
FC Arsenal CB William Saliba
85%
FC Arsenal AM Martin Ödegaard
84%
FC Liverpool GK Alisson
83%
Manchester City ST Erling Haaland
83%
FC Chelsea GK Edouard Mendy
82%
Manchester City RB Kyle Walker
82%
FC Liverpool LW Luis Diaz
82%
Manchester City CB Ruben Dias
82%
Tottenham ST Harry Kane
81%
Manchester City CM Kevin de Bruyne
81%
FC Liverpool RW Mohamed Salah
81%
Tottenham LW Heung-min Son
80%
Tottenham GK Hugo Lloris
80%
FC Liverpool RB Trent Alexander-Arnold
80%
FC Liverpool CB Virgil van Dijk
80%
FC Liverpool LB Andrew Robertson
79%
Manchester United GK David de Gea
79%
Aston Villa GK Emiliano Martinez
79%
Manchester United CB Lisandro Martinez
79%
Manchester City DM Rodri
79%
FC Chelsea AM Kai Havertz
78%
FC Arsenal DM Thomas Partey
78%
Manchester United AM Bruno Fernandes
77%
Manchester United ST Marcus Rashford
77%
Manchester City LW Phil Foden
77%
FC Liverpool ST Darwin Nunez
76%
Nottingham Forest GK Dean Henderson
76%
FC Liverpool CM Jordan Henderson
76%
Newcastle United GK Nick Pope
75%
FC Liverpool DM Fabinho
73%
FC Arsenal DM Granit Xhaka
73%
FC Liverpool CB Joel Matip
73%
FC Everton GK Jordan Pickford
73%
FC Chelsea RM Reece James
73%
Manchester City CM Ilkay Gündogan
71%
Newcastle United RB Kieran Trippier
71%
Manchester City LB Joao Cancelo
70%
Manchester United CB Raphael Varane
70%
FC Chelsea AM Mason Mount
69%
Manchester United DM Casemiro
68%
Manchester United RB Diogo Dalot
67%
FC Chelsea ST Raheem Sterling
66%
Manchester City CB Aymeric Laporte
65%
West Ham United DM Declan Rice
65%
Leicester City ST Jamie Vardy
65%
Newcastle United ST Alexander Isak
64%
FC Arsenal LB Kieran Tierney
64%
Tottenham CB Cristian Romero
63%
Brighton & Hove Albion GK Robert Sanchez
62%
Tottenham RW Dejan Kulusevski
61%
Tottenham CB Eric Dier
61%
Manchester United LM Jadon Sancho
61%
FC Chelsea CM Jorginho
61%
Newcastle United CM Bruno Guimaraes
60%
FC Brentford ST Ivan Toney
60%
Manchester United RM Antony
59%
Aston Villa ST Ollie Watkins
59%
Manchester United DM Christian Eriksen
58%
Leicester City GK Danny Ward
57%
Crystal Palace RB Joel Ward
56%
Newcastle United RW Miguel Almiron
56%
FC Brentford GK David Raya
55%
Newcastle United CB Fabian Schär
55%
Leicester City AM James Maddison
55%
FC Chelsea CM Mateo Kovacic
55%
Tottenham CM Pierre-Emile Höjbjerg
55%
FC Chelsea CB Kalidou Koulibaly
54%
FC Fulham ST Aleksandar Mitrovic
53%
Newcastle United CM Joelinton
53%
Newcastle United CB Sven Botman
53%
Crystal Palace LW Wilfried Zaha
53%
Tottenham CB Ben Davies
52%
Tottenham RWB Emerson
52%
West Ham United GK Lukasz Fabianski
51%
FC Chelsea LM Marc Cucurella
51%
Aston Villa RB Matty Cash
51%
Manchester United LB Tyrell Malacia
51%
FC Southampton CM James Ward-Prowse
50%
Wolverhampton Wanderers CM Ruben Neves
50%
Aston Villa CB Tyrone Mings
50%
Newcastle United LW Allan Saint-Maximin
49%
FC Arsenal CB Gabriel Magalhaes
49%
Brighton & Hove Albion CB Lewis Dunk
49%
Brighton & Hove Albion CM Alexis Mac Allister
48%
West Ham United RM Jarrod Bowen
48%
FC Everton ST Anthony Gordon
47%
FC Fulham GK Bernd Leno
47%
FC Brentford RW Bryan Mbeumo
47%
Aston Villa LB Lucas Digne
47%
FC Chelsea CB Wesley Fofana
47%
FC Southampton ST Che Adams
46%
Brighton & Hove Albion ST Danny Welbeck
46%
Leeds United GK Illan Meslier
46%
Wolverhampton Wanderers ST Raul Jimenez
46%
Tottenham CM Rodrigo Bentancur
46%
Brighton & Hove Albion CM Moises Caicedo
45%
AFC Bournemouth GK Neto
45%
Wolverhampton Wanderers LW Pedro Neto
45%
Leeds United DM Tyler Adams
45%
Aston Villa RW Leon Bailey
44%
Crystal Palace CM Eberechi Eze
43%
AFC Bournemouth ST Dominic Solanke
42%
Aston Villa CB Ezri Konsa
42%
Aston Villa CM John McGinn
42%
West Ham United DM Tomas Soucek
42%
Leicester City CM Youri Tielemans
42%
FC Liverpool CM Harvey Elliott
41%
Leicester City ST Harvey Barnes
40%
Tottenham LWB Ivan Perisic
40%
FC Everton CB James Tarkowski
40%
Newcastle United CM Joe Willock
40%
FC Everton CB Conor Coady
39%
West Ham United CB Kurt Zouma
39%
FC Everton DM Amadou Onana
38%
Wolverhampton Wanderers CM Joao Moutinho
38%
West Ham United AM Lucas Paqueta
38%
West Ham United RB Vladimir Coufal
38%
Crystal Palace CM Cheick Doucoure
37%
Brighton & Hove Albion AM Pascal Groß
37%
Leicester City DM Wilfred Ndidi
37%
Brighton & Hove Albion AM Leandro Trossard
36%
FC Fulham AM Andreas Pereira
35%
Nottingham Forest ST Brennan Johnson
35%
FC Southampton ST Adam Armstrong
34%
FC Brentford CB Ben Mee
34%
Crystal Palace CB Marc Guehi
34%
West Ham United LB Aaron Cresswell
33%
AFC Bournemouth RB Adam Smith
33%
Newcastle United LB Matt Targett
33%
Leeds United ST Rodrigo
33%
Aston Villa LW Emiliano Buendia
32%
Crystal Palace RW Jordan Ayew
32%
Brighton & Hove Albion RM Solly March
32%
FC Brentford LW Yoane Wissa
32%
FC Everton CM Alex Iwobi
31%
Nottingham Forest AM Jesse Lingard
31%
FC Southampton RB Kyle Walker-Peters
31%
Crystal Palace ST Odsonne Edouard
31%
FC Everton LB Vitaliy Mykolenko
31%
FC Everton CM Idrissa Gueye
30%
Leeds United LM Jack Harrison
30%
Aston Villa CM Jacob Ramsey
30%
Brighton & Hove Albion LM Pervis Estupinan
30%
Crystal Palace GK Vicente Guaita
30%
FC Fulham LB Antonee Robinson
29%
FC Brentford CM Christian Nörgaard
29%
FC Everton LW Demarai Gray
29%
West Ham United ST Gianluca Scamacca
29%
FC Brentford LB Rico Henry
29%
West Ham United LM Pablo Fornals
28%
FC Fulham CB Tim Ream
28%
Aston Villa CM Boubacar Kamara
27%
Crystal Palace CB Joachim Andersen
27%
Leicester City CB Jonny Evans
27%
Wolverhampton Wanderers CM Matheus Nunes
27%
Leeds United AM Brenden Aaronson
26%
Wolverhampton Wanderers RW Daniel Podence
26%
FC Southampton GK Gavin Bazunu
26%
FC Fulham DM Joao Palhinha
26%
Leicester City CM Kiernan Dewsbury-Hall
26%
FC Brentford CM Mathias Jensen
26%
AFC Bournemouth AM Philip Billing
26%
Crystal Palace LB Tyrick Mitchell
26%
Brighton & Hove Albion CB Adam Webster
25%
Wolverhampton Wanderers CB Max Kilman
25%
Nottingham Forest RM Neco Williams
25%
Leeds United RB Rasmus Kristensen
25%
Wolverhampton Wanderers LB Rayan Ait Nouri
25%
Leicester City RB Timothy Castagne
25%
FC Everton RW Dwight McNeil
24%
Brighton & Hove Albion CB Joel Veltman
24%
FC Everton RB Nathan Patterson
22%
FC Southampton CM Romeo Lavia
22%
AFC Bournemouth CM Lewis Cook
21%
Leeds United CB Robin Koch
21%
Nottingham Forest CB Steve Cook
21%
Nottingham Forest ST Taiwo Awoniyi
21%
FC Fulham RB Kenny Tete
20%
FC Southampton CB Mohammed Salisu
20%
FC Brentford CM Vitaly Janelt
20%
FC Brentford RB Aaron Hickey
19%
FC Fulham DM Harrison Reed
19%
Leicester City LB James Justin
19%
FC Fulham RM Bobby Reid
18%
FC Brentford CB Pontus Jansson
18%
FC Southampton CB Armel Bella-Kotchap
17%
Wolverhampton Wanderers RB Jonny
17%
Wolverhampton Wanderers CB Nathan Collins
17%
Leeds United LB Pascal Struijk
17%
Leeds United CB Diego Llorente
16%
AFC Bournemouth CM Jefferson Lerma
16%
AFC Bournemouth LM Marcus Tavernier
16%
Leicester City CB Daniel Amartey
15%
Crystal Palace CM Jeffrey Schlupp
15%
Leeds United RM Luis Sinisterra
14%
West Ham United CB Thilo Kehrer
14%
Nottingham Forest CM Cheikhou Kouyate
13%
Leeds United DM Marc Roca
13%
Nottingham Forest LM Renan Lodi
12%
AFC Bournemouth RM Ryan Christie
12%
Nottingham Forest CB Joe Worrall
11%
AFC Bournemouth CB Lloyd Kelly
11%
AFC Bournemouth CB Chris Mepham
10%
Nottingham Forest CB Scott McKenna
10%
FC Fulham CB Tosin Adarabioyo
10%
Nottingham Forest CM Lewis O'Brien
8%
FC Southampton LM Mohamed Elyounoussi
8%
FC Southampton LB Moussa Djenepo
8%
FC Southampton RM Joe Aribo
7%
AFC Bournemouth LB Jordan Zemura
6%
FC Fulham LM Neeskens Kebano
5%
No matching quizzes found
Score Distribution
Percent of People with Each Score
Percentile by Number Answered
Your Score History
You have not taken this quiz